[Event "Monarch Assurance Isle of Man 15th"]
[Site "Port Erin IOM"]
[Date "2006.09.26"]
[Round "4.15"]
[White "Stocek, Jiri"]
[Black "Palliser, Richard JD"]
[Result "1/2-1/2"]
[WhiteElo "2561"]
[BlackElo "2413"]
[PlyCount "72"]
[EventDate "2006.09.23"]
[EventType "swiss"]
[EventRounds "9"]
[EventCountry "IOM"]

1. d4 Nf6 2. c4 e6 3. Nc3 Bb4 4. e3 c5 5. Bd3 Nc6 6. Nge2 cxd4 7. exd4 d5 8.
O-O dxc4 9. Bxc4 O-O 10. a3 Be7 11. Qd3 a6 12. Rd1 b5 13. Ba2 Bb7 14. Bg5 Rc8
15. Qh3 Na5 16. Rd3 Nd5 17. Bxe7 Qxe7 18. Re1 Nc4 19. Bb1 g6 20. Ne4 Nxb2 21.
Rb3 Na4 22. Qh6 f5 23. Ng5 Nac3 24. Ng3 Nxb1 25. Rbxb1 Nc7 26. Ne2 Nd5 27. Rb3
Rc7 28. h3 e5 29. dxe5 Qxe5 30. Nf3 Qf6 31. Ned4 Re7 32. Rxe7 Qxe7 33. Rb1 Nf6
34. Re1 Ne4 35. h4 Rc8 36. h5 Qg7 1/2-1/2

[Event "Monarch Assurance Isle of Man 15th"]
[Site "Port Erin IOM"]
[Date "2006.09.26"]
[Round "4.16"]
[White "Kiriakov, Petr"]
[Black "Ferguson, Mark"]
[Result "1/2-1/2"]
[WhiteElo "2554"]
[BlackElo "2389"]
[PlyCount "81"]
[EventDate "2006.09.23"]
[EventType "swiss"]
[EventRounds "9"]
[EventCountry "IOM"]

1. d4 d5 2. c4 c6 3. Nf3 Nf6 4. e3 Bf5 5. cxd5 cxd5 6. Nc3 e6 7. Ne5 Nfd7 8.
Qb3 Qc7 9. Bd2 Nxe5 10. dxe5 Nc6 11. f4 a6 12. Rc1 Bb4 13. Be2 Qe7 14. a3 Bxc3
15. Bxc3 O-O 16. O-O Be4 17. Qb6 Rfc8 18. Rfd1 h6 19. Be1 Qd7 20. Rc4 Qe7 21.
Rc3 Qd7 22. Bh4 Ne7 23. Rdc1 Rc6 24. Rxc6 Nxc6 25. Bf1 Rc8 26. b4 g5 27. fxg5
hxg5 28. Bxg5 Nxe5 29. Rxc8+ Qxc8 30. Qd6 Ng6 31. h4 Qf8 32. Qxf8+ Kxf8 33. Bf6
Ne7 34. Kf2 Nf5 35. g4 Nd6 36. Bd4 Nc4 37. a4 e5 38. Bc3 f6 39. g5 fxg5 40.
hxg5 Kf7 41. Bxc4 1/2-1/2

[Event "Monarch Assurance Isle of Man 15th"]
[Site "Port Erin IOM"]
[Date "2006.09.26"]
[Round "4.17"]
[White "Zozulia, Anna"]
[Black "Greenfeld, Alon"]
[Result "0-1"]
[WhiteElo "2352"]
[BlackElo "2551"]
[PlyCount "104"]
[EventDate "2006.09.23"]
[EventType "swiss"]
[EventRounds "9"]
[EventCountry "IOM"]

1. e4 c5 2. Nf3 Nc6 3. d4 cxd4 4. Nxd4 Nf6 5. Nc3 d6 6. Be2 e5 7. Nf3 h6 8. O-O
Be7 9. h3 O-O 10. Re1 a6 11. Bf1 Qc7 12. Nd5 Nxd5 13. exd5 Nb8 14. c4 a5 15. b3
Na6 16. Bb2 Nc5 17. a3 Qb6 18. Nd4 Bh4 19. g3 exd4 20. gxh4 Nxb3 21. Rb1 Bf5
22. Bd3 Bxd3 23. Qxd3 Rae8 24. Red1 a4 25. Bxd4 Qc7 26. Kh2 f6 27. Rg1 Rf7 28.
Be3 Qe7 29. Bxh6 Qe4 30. Qxe4 Rxe4 31. Be3 Rxh4 32. Rg4 Rxg4 33. hxg4 Rc7 34.
Bf4 Rxc4 35. Bxd6 Rd4 36. Bb4 Rxd5 37. Re1 Nd4 38. Re7 b5 39. Rb7 Nc6 40. Bc3
Rd3 41. Bb4 Rd5 42. Kg3 g5 43. f3 Nxb4 44. axb4 Kf8 45. Kf2 Rd8 46. Ke3 Ra8 47.
Rh7 Kg8 48. Rh2 Rc8 49. Kd4 Rc4+ 50. Kd5 Rxb4 51. Ke6 Kg7 52. Rd2 Rb3 0-1

[Event "Monarch Assurance Isle of Man 15th"]
[Site "Port Erin IOM"]
[Date "2006.09.26"]
[Round "4.18"]
[White "Kuzubov, Yuriy"]
[Black "Zimmerman, Yuri"]
[Result "1-0"]
[WhiteElo "2554"]
[BlackElo "2374"]
[PlyCount "87"]
[EventDate "2006.09.23"]
[EventType "swiss"]
[EventRounds "9"]
[EventCountry "IOM"]

1. d4 Nf6 2. c4 g6 3. Nc3 Bg7 4. e4 d6 5. Be2 O-O 6. Nf3 e5 7. Be3 Ng4 8. Bg5
f6 9. Bh4 g5 10. Bg3 Nh6 11. d5 f5 12. exf5 Nxf5 13. Nd2 Nd4 14. Nde4 Bf5 15.
O-O Nd7 16. Bg4 Bg6 17. Re1 h6 18. Rc1 Nf6 19. Nxf6+ Bxf6 20. h3 b6 21. a3 a6
22. b4 Qe7 23. Ne4 Qh7 24. Nxf6+ Rxf6 25. Rxe5 dxe5 26. Bxe5 Rf7 27. Qxd4 Bf5
28. Bh5 Bg6 29. Bd1 Raf8 30. f3 Re7 31. Ba4 Be8 32. Bc2 Bg6 33. Ba4 Be8 34. Bb3
Qf5 35. Bg3 Re2 36. Qc3 Bd7 37. c5 Rxg2+ 38. Kxg2 Qxh3+ 39. Kf2 Bg4 40. d6+ Kh7
41. Bc2+ Kg8 42. Qc4+ Be6 43. Qe4 Bf5 44. Bb3+ 1-0

[Event "Monarch Assurance Isle of Man 15th"]
[Site "Port Erin IOM"]
[Date "2006.09.26"]
[Round "4.19"]
[White "Bobras, Piotr"]
[Black "Kononenko, Tatiana"]
[Result "1-0"]
[WhiteElo "2535"]
[BlackElo "2387"]
[PlyCount "85"]
[EventDate "2006.09.23"]
[EventType "swiss"]
[EventRounds "9"]
[EventCountry "IOM"]

1. e4 e6 2. d4 d5 3. Nc3 Bb4 4. e5 Ne7 5. a3 Bxc3+ 6. bxc3 c5 7. Qg4 O-O 8. Bd3
f5 9. exf6 Rxf6 10. Bg5 Rf7 11. Qh5 g6 12. Qd1 Nbc6 13. Nf3 Qf8 14. O-O c4 15.
Be2 h6 16. Bc1 Qg7 17. a4 Bd7 18. Ba3 g5 19. h3 Ng6 20. Nh2 Rd8 21. Bh5 Kh7 22.
Ng4 e5 23. Nxe5 Ncxe5 24. dxe5 Qxe5 25. Bc5 Bf5 26. Qd2 Qc7 27. Bd4 Qd6 28.
Rfe1 Rfd7 29. a5 Qa6 30. Re3 Rf8 31. f3 Rdf7 32. Bc5 Rd8 33. Qf2 b6 34. Bd4
bxa5 35. Rae1 Qc6 36. Bxg6+ Qxg6 37. Re8 Rxe8 38. Rxe8 Qd6 39. h4 Qd7 40. Qe3
Kg6 41. Rg8+ Kh7 42. Rh8+ Kg6 43. Qxg5+ 1-0

[Event "Monarch Assurance Isle of Man 15th"]
[Site "Port Erin IOM"]
[Date "2006.09.26"]
[Round "4.20"]
[White "Roy Chowdhury, Saptarshi"]
[Black "Al Sayed, Mohamad"]
[Result "0-1"]
[WhiteElo "2394"]
[BlackElo "2492"]
[PlyCount "70"]
[EventDate "2006.09.23"]
[EventType "swiss"]
[EventRounds "9"]
[EventCountry "IOM"]

1. e4 c6 2. d4 d5 3. f3 e6 4. Nc3 Bb4 5. Bf4 Nf6 6. Qd3 Qa5 7. Nge2 c5 8. O-O-O
dxe4 9. fxe4 cxd4 10. Nxd4 O-O 11. Nb3 Qb6 12. Nb5 Na6 13. Be3 Nc5 14. Qe2 Bd7
15. N5d4 Rac8 16. Qf3 Ncxe4 17. Bd3 Nc5 18. Bg5 Nxd3+ 19. Rxd3 e5 20. Bxf6 Qxf6
21. Qxb7 Qe7 22. a3 Bxa3 23. bxa3 exd4 24. Kb2 a5 25. a4 Rc4 26. Rhd1 h6 27.
Qd5 Rxa4 28. Rxd4 Qa3+ 29. Kb1 Qa2+ 30. Kc1 Qa3+ 31. Kd2 Be6 32. Rxa4 Qxa4 33.
Qd3 Qf4+ 34. Kc3 Rc8+ 35. Kb2 Bf5 0-1

[Event "Monarch Assurance Isle of Man 15th"]
[Site "Port Erin IOM"]
[Date "2006.09.26"]
[Round "4.21"]
[White "Williams, Simon K"]
[Black "Sharma, Dinesh K"]
[Result "1/2-1/2"]
[WhiteElo "2473"]
[BlackElo "2358"]
[PlyCount "34"]
[EventDate "2006.09.23"]
[EventType "swiss"]
[EventRounds "9"]
[EventCountry "IOM"]

1. d4 d5 2. c4 c6 3. Nc3 Nf6 4. Nf3 e6 5. Bg5 Nbd7 6. Qc2 dxc4 7. e4 b5 8.
O-O-O Qb6 9. d5 Bc5 10. dxe6 fxe6 11. Bxf6 gxf6 12. e5 Nxe5 13. Nxe5 fxe5 14.
Qe2 O-O 15. Qxe5 Bxf2 16. Qg5+ Kh8 17. Qe5+ Kg8 1/2-1/2

[Event "Monarch Assurance Isle of Man 15th"]
[Site "Port Erin IOM"]
[Date "2006.09.26"]
[Round "4.22"]
[White "Peek, Marcel"]
[Black "Haslinger, Stewart"]
[Result "1/2-1/2"]
[WhiteElo "2367"]
[BlackElo "2423"]
[PlyCount "101"]
[EventDate "2006.09.23"]
[EventType "swiss"]
[EventRounds "9"]
[EventCountry "IOM"]

1. d4 d5 2. c4 c6 3. Nf3 Nf6 4. Nc3 a6 5. a4 e6 6. Bg5 Nbd7 7. a5 dxc4 8. e4 h6
9. Bh4 b5 10. axb6 Qxb6 11. Qc2 Rb8 12. Bxc4 Qxb2 13. Qxb2 Rxb2 14. O-O Rc2 15.
Rfc1 Rxc1+ 16. Rxc1 Ba3 17. Rb1 c5 18. Bxf6 gxf6 19. Bxa6 Bxa6 20. Ra1 cxd4 21.
Nxd4 Bc5 22. Rxa6 Bxd4 23. Ra8+ Ke7 24. Rxh8 Bxc3 25. Rxh6 Bd4 26. Kf1 Ne5 27.
f3 Ng6 28. Rh5 e5 29. g3 Kf8 30. Ke2 Kg7 31. Rh3 Bb2 32. Kd2 Bd4 33. Ke2 Bg1
34. Rh5 Bb6 35. Rh3 Bc5 36. Rh5 Ba3 37. Kd2 Bf8 38. Ke3 Bd6 39. Rf5 Bc5+ 40.
Ke2 Bg1 41. Rh5 Bb6 42. Rh3 Ne7 43. f4 f5 44. Kf3 exf4 45. Kxf4 Bc7+ 46. Kf3
fxe4+ 47. Kxe4 f5+ 48. Kf3 Nc6 49. Rh4 Ne5+ 50. Kg2 Ng4 51. Rxg4+ 1/2-1/2

[Event "Monarch Assurance Isle of Man 15th"]
[Site "Port Erin IOM"]
[Date "2006.09.26"]
[Round "4.23"]
[White "Hanley, Craig A"]
[Black "Mannion, Stephen"]
[Result "1-0"]
[WhiteElo "2419"]
[BlackElo "2346"]
[PlyCount "71"]
[EventDate "2006.09.23"]
[EventType "swiss"]
[EventRounds "9"]
[EventCountry "IOM"]

1. e4 e5 2. Nf3 Nc6 3. Bb5 a6 4. Ba4 Nf6 5. O-O Be7 6. Re1 b5 7. Bb3 d6 8. c3
O-O 9. h3 Bb7 10. d4 Re8 11. Nbd2 Bf8 12. d5 Nb8 13. Nf1 Nbd7 14. N3h2 c6 15.
dxc6 Bxc6 16. Bg5 h6 17. Bxf6 Nxf6 18. Ng4 Nxg4 19. Qxg4 Qg5 20. Qf3 Qf4 21.
Qd3 Rad8 22. Bd5 Bd7 23. Re3 Be6 24. a4 Rb8 25. b4 Be7 26. axb5 axb5 27. Rf3
Qg5 28. Ne3 Rec8 29. Nf5 Bf8 30. Ra7 Rd8 31. Ne3 Kh8 32. Ra5 Be7 33. Rxb5 Rxb5
34. Qxb5 Rc8 35. c4 Qh4 36. Qb7 1-0

[Event "Monarch Assurance Isle of Man 15th"]
[Site "Port Erin IOM"]
[Date "2006.09.26"]
[Round "4.26"]
[White "Vasilevich, Tatjana"]
[Black "Meenakshi, S1."]
[Result "1-0"]
[WhiteElo "2412"]
[BlackElo "2310"]
[PlyCount "59"]
[EventDate "2006.09.23"]
[EventType "swiss"]
[EventRounds "9"]
[EventCountry "IOM"]

1. d4 Nf6 2. c4 c5 3. d5 b5 4. cxb5 a6 5. f3 e6 6. e4 exd5 7. e5 Qe7 8. Qe2 Ng8
9. Nc3 Bb7 10. Nh3 f6 11. Nf4 Qxe5 12. Nfxd5 Bd6 13. Nb6 Ra7 14. Nc4 Qxe2+ 15.
Bxe2 Be7 16. Bf4 d6 17. Bxd6 Nd7 18. Bxe7 Kxe7 19. b6 Ra8 20. Na5 Rb8 21. Nxb7
Rxb7 22. Bxa6 Rb8 23. b7 Kd8 24. O-O-O Ne7 25. Rd2 Nf5 26. b4 cxb4 27. Rhd1 Kc7
28. Rxd7+ Kb6 29. Bd3 Ne3 30. Re1 1-0

[Event "Monarch Assurance Isle of Man 15th"]
[Site "Port Erin IOM"]
[Date "2006.09.26"]
[Round "4.27"]
[White "Eggleston, David J"]
[Black "Ledger, Andrew J"]
[Result "0-1"]
[WhiteElo "2232"]
[BlackElo "2411"]
[PlyCount "84"]
[EventDate "2006.09.23"]
[EventType "swiss"]
[EventRounds "9"]
[EventCountry "IOM"]

1. e4 d5 2. exd5 Qxd5 3. Nf3 Nf6 4. d4 Bg4 5. Be2 e6 6. h3 Bh5 7. O-O Be7 8. c4
Qd6 9. Nc3 c6 10. Bg5 Nbd7 11. Qd2 Qc7 12. Rfd1 Rd8 13. Qe3 O-O 14. Ne4 Qa5 15.
a3 Rde8 16. b4 Qd8 17. Nc5 b6 18. Nxd7 Nxd7 19. Bf4 Qc8 20. Bf1 c5 21. dxc5
bxc5 22. Be2 cxb4 23. axb4 e5 24. Bg3 Bxb4 25. Qxa7 Re7 26. Qa4 Bc5 27. Rxd7
Rxd7 28. Nxe5 Ra7 29. Qxa7 Bxa7 30. Bxh5 Bd4 31. Re1 Bxe5 32. Rxe5 Qxc4 33. Re1
h6 34. Bf3 Rd8 35. Rb1 f5 36. Be5 Re8 37. Rb8 Rxb8 38. Bxb8 f4 39. Kh2 g5 40.
h4 Qd4 41. hxg5 hxg5 42. Kg1 Qb4 0-1

[Event "Monarch Assurance Isle of Man 15th"]
[Site "Port Erin IOM"]
[Date "2006.09.26"]
[Round "4.29"]
[White "Devereaux, Max"]
[Black "Sarakauskiene, Zivile"]
[Result "0-1"]
[WhiteElo "2377"]
[BlackElo "2158"]
[PlyCount "118"]
[EventDate "2006.09.23"]
[EventType "swiss"]
[EventRounds "9"]
[EventCountry "IOM"]

1. d4 d5 2. Nf3 Nf6 3. c4 dxc4 4. e3 e6 5. Bxc4 c5 6. O-O a6 7. Bb3 Nc6 8. Qe2
Be7 9. Rd1 cxd4 10. Nc3 O-O 11. Nxd4 Qc7 12. Nxc6 Qxc6 13. e4 b5 14. Bg5 b4 15.
Na4 Bb7 16. Rac1 Qxe4 17. Qxe4 Bxe4 18. f3 Bf5 19. g4 Bg6 20. Nb6 Rad8 21. Nd7
Rfe8 22. Ne5 Rxd1+ 23. Rxd1 Nxg4 24. Bxe7 Nxe5 25. Bxb4 Nxf3+ 26. Kf2 Ne5 27.
Bc3 Nd3+ 28. Ke3 Nc5 29. Bc4 h5 30. b4 Na4 31. Bd4 e5 32. Ba1 Rb8 33. a3 Nb6
34. Bb3 Kh7 35. Bxe5 Re8 36. Kf4 f6 37. Bd4 Re4+ 38. Kf3 Nd7 39. Bc2 Ne5+ 40.
Bxe5 Rxe5 41. Bxg6+ Kxg6 42. a4 Re6 43. b5 axb5 44. axb5 Kf5 45. Rd5+ Re5 46.
Rd7 g5 47. b6 Rb5 48. b7 Rb3+ 49. Kf2 g4 50. Rh7 Kg5 51. Rg7+ Kh4 52. Rh7 f5
53. Rf7 Kh3 54. Rxf5 h4 55. Rh5 Rxb7 56. Ke3 Rb2 57. Kf4 Rxh2 58. Kg5 Kg3 59.
Rh8 Ra2 0-1

[Event "Monarch Assurance Isle of Man 15th"]
[Site "Port Erin IOM"]
[Date "2006.09.26"]
[Round "4.30"]
[White "Sahl, Bjarke"]
[Black "Hutchinson, Norman A"]
[Result "1-0"]
[WhiteElo "2364"]
[BlackElo "2107"]
[PlyCount "73"]
[EventDate "2006.09.23"]
[EventType "swiss"]
[EventRounds "9"]
[EventCountry "IOM"]

1. e4 c6 2. d4 d5 3. e5 Bf5 4. Nf3 e6 5. Be2 Nd7 6. O-O Ne7 7. Nh4 c5 8. c3 Bg6
9. Be3 Nc6 10. Nxg6 hxg6 11. Nd2 Qb6 12. Nf3 Be7 13. Qb1 O-O-O 14. a3 Rh5 15.
b4 c4 16. h3 Rdh8 17. a4 Qd8 18. a5 Qg8 19. Nh2 Rh4 20. f4 Bd8 21. Rf3 Ne7 22.
Bf1 f6 23. Ra2 Kb8 24. Re2 Nf5 25. Bf2 R4h6 26. Qe1 Nf8 27. exf6 gxf6 28. g4
Ng7 29. g5 fxg5 30. fxg5 Bxg5 31. Bg3+ Kc8 32. Ng4 R6h7 33. Rxf8+ Qxf8 34. Rf2
Qe7 35. Qe5 Qd8 36. Rf7 Be7 37. Rxe7 1-0

[Event "Monarch Assurance Isle of Man 15th"]
[Site "Port Erin IOM"]
[Date "2006.09.26"]
[Round "4.32"]
[White "Quillan, Gary"]
[Black "Fairbairn, Stephen"]
[Result "1-0"]
[WhiteElo "2344"]
[BlackElo "2088"]
[PlyCount "91"]
[EventDate "2006.09.23"]
[EventType "swiss"]
[EventRounds "9"]
[EventCountry "IOM"]

1. e4 e5 2. Nf3 Nf6 3. Nxe5 d6 4. Nf3 Nxe4 5. Nc3 Nxc3 6. dxc3 Be7 7. Bf4 O-O
8. Qd2 Nc6 9. O-O-O Be6 10. Kb1 Bf6 11. Ng5 Bxg5 12. Bxg5 f6 13. Bh4 Qd7 14. f4
Kh8 15. h3 Qf7 16. a3 Bc4 17. g4 Bxf1 18. Rhxf1 Rfe8 19. Qd3 a6 20. Bf2 Kg8 21.
h4 Re7 22. f5 Rae8 23. g5 Re4 24. Qf3 fxg5 25. hxg5 R4e5 26. Bg3 Re3 27. Qg2
Re2 28. Qh3 g6 29. f6 R8e6 30. Rf4 Ne5 31. Rh1 Nd7 32. Qh6 Nf8 33. Rhf1 R6e4
34. R4f3 R4e3 35. Qh1 Re4 36. Rf4 d5 37. R4f2 Rxf2 38. Bxf2 Ne6 39. Qg2 Re5 40.
Bh4 Re4 41. Be1 Nf4 42. Qd2 Qe6 43. Bg3 Nh3 44. f7+ Kf8 45. Bxc7 Rg4 46. Ba5
1-0

[Event "Monarch Assurance Isle of Man 15th"]
[Site "Port Erin IOM"]
[Date "2006.09.26"]
[Round "4.33"]
[White "Szieberth, Adam"]
[Black "Lunn, Timothy"]
[Result "1-0"]
[WhiteElo "2328"]
[BlackElo "2079"]
[PlyCount "71"]
[EventDate "2006.09.23"]
[EventType "swiss"]
[EventRounds "9"]
[EventCountry "IOM"]

1. e4 c5 2. Nf3 Nc6 3. d4 cxd4 4. Nxd4 Nf6 5. Nc3 e5 6. Ndb5 d6 7. Bg5 a6 8.
Na3 b5 9. Bxf6 gxf6 10. Nd5 Bg7 11. g3 Ne7 12. Bg2 Be6 13. Nxe7 Qxe7 14. Qd2
O-O 15. c3 Rfd8 16. Nc2 Qb7 17. Ne3 Rac8 18. O-O Bh6 19. f4 Qb6 20. Kh1 a5 21.
Qe2 b4 22. cxb4 axb4 23. a4 Rc5 24. f5 Bb3 25. Qd3 Bxe3 26. Qxe3 Bc4 27. Rfc1
Ba6 28. Qh6 Rdc8 29. Rg1 Qd8 30. g4 Bb7 31. Bf3 d5 32. g5 fxg5 33. f6 Qf8 34.
Rxg5+ Kh8 35. Rg7 Ba8 36. Qxh7# 1-0

[Event "Monarch Assurance Isle of Man 15th"]
[Site "Port Erin IOM"]
[Date "2006.09.26"]
[Round "4.34"]
[White "Spence, David J"]
[Black "Fabri, Henrik"]
[Result "1-0"]
[WhiteElo "2205"]
[BlackElo "1940"]
[PlyCount "117"]
[EventDate "2006.09.23"]
[EventType "swiss"]
[EventRounds "9"]
[EventCountry "IOM"]

1. e4 Nf6 2. e5 Nd5 3. d4 d6 4. Nf3 Bg4 5. Be2 e6 6. c4 Nb6 7. exd6 cxd6 8. O-O
Be7 9. Nc3 O-O 10. b3 Nc6 11. Bb2 d5 12. c5 Nd7 13. a3 a5 14. Na4 Rc8 15. Rc1
Bxf3 16. Bxf3 b6 17. cxb6 Nxb6 18. Nc5 Nd7 19. Na4 Bd6 20. Re1 Qh4 21. g3 Qf6
22. Be2 Qe7 23. Bb5 Ncb8 24. Rxc8 Rxc8 25. Qa1 h5 26. Nc3 Qg5 27. Bf1 Nc6 28.
Nb5 Bb8 29. Qc1 Qf5 30. Qd1 h4 31. Bd3 Qh3 32. Bf1 Qf5 33. Qd3 Qxd3 34. Bxd3
Na7 35. Rc1 Rxc1+ 36. Bxc1 hxg3 37. hxg3 e5 38. Nxa7 Bxa7 39. Bf5 Nb8 40. dxe5
Nc6 41. e6 f6 42. Kf1 Kf8 43. Be3 d4 44. Bd2 Bc5 45. Be4 Nd8 46. Bxa5 Nxe6 47.
Bd5 Ke7 48. b4 Bd6 49. Bxe6 Kxe6 50. Ke2 Kd5 51. Kd3 f5 52. Bb6 Be5 53. Bc5 g6
54. a4 Bf6 55. a5 Kc6 56. a6 Bd8 57. b5+ Kc7 58. Kxd4 Bf6+ 59. Kd5 1-0

[Event "Monarch Assurance Isle of Man 15th"]
[Site "Port Erin IOM"]
[Date "2006.09.26"]
[Round "4.35"]
[White "Majer, Chris"]
[Black "Grant, Alan"]
[Result "0-1"]
[WhiteElo "1991"]
[BlackElo "2193"]
[PlyCount "114"]
[EventDate "2006.09.23"]
[EventType "swiss"]
[EventRounds "9"]
[EventCountry "IOM"]

1. e4 c5 2. d4 cxd4 3. c3 Nf6 4. e5 Nd5 5. cxd4 e6 6. Nf3 d6 7. a3 Bd7 8. Bd3
Bc6 9. O-O Nd7 10. Qe2 Be7 11. Bd2 Rc8 12. Nc3 Nxc3 13. Bxc3 O-O 14. Rad1 g6
15. Rfe1 Bxf3 16. Qxf3 d5 17. Qg4 h5 18. Qh3 Kg7 19. Re3 Rh8 20. Rg3 g5 21. Be2
Nf8 22. Bxh5 Ng6 23. Qg4 Nf4 24. Qxf4 Rxh5 25. Qg4 Qh8 26. h3 Rh4 27. Qe2 Re4
28. Qb5 Rc7 29. Qd3 Qh4 30. Qf3 a6 31. Rc1 Rxd4 32. Rd1 {(=)} Rxd1+ 33. Qxd1
Rc4 34. Rg4 Rxg4 35. hxg4 Qh7 36. Qf3 Qb1+ 37. Kh2 Qc1 38. g3 Qc2 39. Qe3 Qd1
40. Qb6 Qxg4 41. Qc7 Bf8 42. Qd8 Qh5+ 43. Kg1 Bc5 44. Kg2 Qg6 45. b4 Ba7 46.
Qa8 Qe4+ 47. Kg1 Bxf2+ 48. Kxf2 Qc2+ 49. Kf1 Qxc3 50. Qxb7 Qf3+ 51. Ke1 Qxg3+
52. Kd2 Qxa3 53. Qb8 g4 54. Kd1 g3 55. Qd8 Qa1+ 56. Kd2 Qd4+ 57. Kc2 Qxe5 0-1

[Event "Monarch Assurance Isle of Man 15th"]
[Site "Port Erin IOM"]
[Date "2006.09.26"]
[Round "4.36"]
[White "Henderikse, Bert"]
[Black "Walton, Alan J"]
[Result "1/2-1/2"]
[WhiteElo "2019"]
[BlackElo "2222"]
[PlyCount "34"]
[EventDate "2006.09.23"]
[EventType "swiss"]
[EventRounds "9"]
[EventCountry "IOM"]

1. d4 e6 2. Nf3 f5 3. g3 Nf6 4. Bg2 Be7 5. O-O O-O 6. b3 d6 7. Bb2 Qe8 8. Nbd2
Qh5 9. e3 a5 10. a3 Nbd7 11. Ne1 Qxd1 12. Rxd1 Rb8 13. Nd3 Rd8 14. Rfe1 d5 15.
c4 c6 16. f3 Nf8 17. Ne5 Bd6 1/2-1/2

[Event "Monarch Assurance Isle of Man 15th"]
[Site "Port Erin IOM"]
[Date "2006.09.26"]
[Round "4.37"]
[White "Ormsby, Alan"]
[Black "Groffen, Hans"]
[Result "0-1"]
[WhiteElo "1939"]
[BlackElo "2171"]
[PlyCount "80"]
[EventDate "2006.09.23"]
[EventType "swiss"]
[EventRounds "9"]
[EventCountry "IOM"]

1. e4 c5 2. Nf3 Nc6 3. d4 cxd4 4. Nxd4 e5 5. Nb5 d6 6. c4 Be7 7. N1c3 a6 8. Na3
f5 9. exf5 Bxf5 10. Bd3 Be6 11. Nc2 Nf6 12. Ne3 O-O 13. O-O Qd7 14. b3 Rf7 15.
Bb2 Raf8 16. Ncd5 Bd8 17. a3 Ng4 18. Nxg4 Bxg4 19. Qc2 Bf5 20. Rad1 Qe6 21. Be4
Qh6 22. Bxf5 Rxf5 23. Qe2 Rh5 24. h3 Qg6 25. Kh2 Rhf5 26. Ne3 Rf4 27. Nd5 R4f7
28. Kg1 Rf3 29. Kh2 Rxb3 30. c5 Kh8 31. cxd6 Qxd6 32. Ne3 Nd4 33. Bxd4 exd4+
34. Kh1 Bc7 35. g3 Qe5 36. Qa2 dxe3 37. Qxb3 e2 38. Rfe1 exd1=Q 39. Qxd1 Qd6
40. Qf3 Rxf3 0-1

[Event "Monarch Assurance Isle of Man 15th"]
[Site "Port Erin IOM"]
[Date "2006.09.26"]
[Round "4.38"]
[White "Fox, Anthony"]
[Black "Henrichsen, Jens"]
[Result "1-0"]
[WhiteElo "2117"]
[BlackElo "2106"]
[PlyCount "61"]
[EventDate "2006.09.23"]
[EventType "swiss"]
[EventRounds "9"]
[EventCountry "IOM"]

1. e4 c5 2. Nc3 Nc6 3. g3 g6 4. Bg2 Bg7 5. d3 d6 6. Be3 e6 7. Qd2 Nge7 8. Bh6
O-O 9. h4 f5 10. Bxg7 Kxg7 11. h5 Ng8 12. hxg6 hxg6 13. O-O-O Nd4 14. Nh3 Rb8
15. Ng5 Nf6 16. Nh7 Nxh7 17. Qh6+ Kf6 18. Qxh7 Qe7 19. Qh2 Qg7 20. g4 f4 21.
Qxf4+ Ke7 22. Qg5+ Kd7 23. f4 b5 24. Rde1 Qf7 25. f5 b4 26. Ne2 gxf5 27. Nxd4
cxd4 28. exf5 exf5 29. Qxf5+ Kd8 30. Qg5+ Kd7 31. Rhf1 1-0

[Event "Monarch Assurance Isle of Man 15th"]
[Site "Port Erin IOM"]
[Date "2006.09.26"]
[Round "4.39"]
[White "Savory, Richard J"]
[Black "De Lagontrie, Jean"]
[Result "1/2-1/2"]
[WhiteElo "2101"]
[BlackElo "1974"]
[PlyCount "81"]
[EventDate "2006.09.23"]
[EventType "swiss"]
[EventRounds "9"]
[EventCountry "IOM"]

1. e4 e6 2. Nf3 d5 3. e5 c5 4. b4 cxb4 5. a3 d4 6. Bb2 Nc6 7. Bb5 Bd7 8. O-O
bxa3 9. Bxa3 Bxa3 10. Rxa3 Nge7 11. Re1 a6 12. Bf1 Ng6 13. Rd3 Nf4 14. Rb3 Qc7
15. Na3 O-O 16. Re4 Ng6 17. Qe2 b5 18. h4 f5 19. exf6 gxf6 20. Nxd4 Nxd4 21.
Rxd4 e5 22. Rdb4 Be6 23. Rg3 Kh8 24. c4 bxc4 25. Nxc4 a5 26. Ra4 Nf4 27. Qe4
Bd5 28. Qf5 Be6 29. Qe4 Bd5 30. Qf5 Be6 31. Qc2 Bd7 32. Raa3 a4 33. Rac3 Nd5
34. Rcf3 Rac8 35. Qb2 Rb8 36. Qa1 Bc6 37. Ra3 Rb4 38. Ne3 Nf4 39. Qd1 Bd7 40.
Ra1 Qb7 41. Bc4 1/2-1/2

[Event "Monarch Assurance Isle of Man 15th"]
[Site "Port Erin IOM"]
[Date "2006.09.26"]
[Round "4.40"]
[White "Fraser-Mitchell, Jeremy"]
[Black "Cafolla, Peter"]
[Result "1/2-1/2"]
[WhiteElo "2077"]
[BlackElo "2062"]
[PlyCount "120"]
[EventDate "2006.09.23"]
[EventType "swiss"]
[EventRounds "9"]
[EventCountry "IOM"]

1. d4 d5 2. c4 e6 3. Nc3 c5 4. cxd5 cxd4 5. Qa4+ Bd7 6. Qxd4 exd5 7. Qxd5 Nc6
8. Nf3 Nf6 9. Qd1 Bc5 10. e3 Qe7 11. Be2 g5 12. O-O g4 13. Nd4 O-O-O 14. b4
Bxb4 15. Bb2 Rhe8 16. Ncb5 Kb8 17. Qa4 Bc5 18. Nxc6+ Bxc6 19. Qf4+ Bd6 20. Nxd6
Nd5 21. Qe5 Qxd6 22. Qxd6+ Rxd6 23. Rfd1 h5 24. Rd4 Rd7 25. Rad1 Nb6 26. Rxd7
Bxd7 27. Bd4 Ba4 28. Rc1 Nd7 29. Bd3 Bc6 30. Bc4 Re7 31. Bb2 Nb6 32. Bb3 Nd5
33. Rd1 Nb6 34. Ba3 Rd7 35. Rxd7 Bxd7 36. Bxf7 h4 37. Be7 h3 38. gxh3 gxh3 39.
f4 Bf5 40. Kf2 Kc7 41. Kf3 Kd7 42. Bc5 Nc8 43. e4 b6 44. Bd4 Bxe4+ 45. Kxe4
Nd6+ 46. Kf3 Nxf7 47. Kg4 Ke6 48. Kxh3 Kf5 49. Kg3 Nd6 50. Kf3 Nc4 51. Bc3 b5
52. h4 a5 53. h5 b4 54. Bg7 a4 55. h6 Kg6 56. f5+ Kh7 57. Kf4 b3 58. axb3 axb3
59. Kg5 Nd6 60. Kf4 Nxf5 1/2-1/2

[Event "Monarch Assurance Isle of Man 15th"]
[Site "Port Erin IOM"]
[Date "2006.09.26"]
[Round "4.41"]
[White "Marks, Ian A"]
[Black "Spanton, Tim"]
[Result "0-1"]
[WhiteElo "1944"]
[BlackElo "2075"]
[PlyCount "46"]
[EventDate "2006.09.23"]
[EventType "swiss"]
[EventRounds "9"]
[EventCountry "IOM"]

1. e4 c5 2. c3 g6 3. d4 cxd4 4. cxd4 d5 5. Nc3 dxe4 6. Bc4 Nf6 7. Qb3 e6 8. d5
exd5 9. Nxd5 Nxd5 10. Bxd5 Qe7 11. Bd2 Nc6 12. Bxc6+ bxc6 13. Qc3 e3 14. Qxc6+
Qd7 15. Qxd7+ Bxd7 16. Bxe3 Bb4+ 17. Bd2 Bxd2+ 18. Kxd2 O-O-O 19. Rc1+ Kb7 20.
Nf3 Bh3+ 21. Ke2 Bxg2 22. Nd2 Rhe8+ 23. Kd1 Bxh1 0-1

[Event "Monarch Assurance Isle of Man 15th"]
[Site "Port Erin IOM"]
[Date "2006.09.27"]
[Round "5.1"]
[White "Bartel, Mateusz"]
[Black "Socko, Bartosz"]
[Result "1/2-1/2"]
[WhiteElo "2561"]
[BlackElo "2621"]
[PlyCount "42"]
[EventDate "2006.09.23"]
[EventType "swiss"]
[EventRounds "9"]
[EventCountry "IOM"]

1. e4 e5 2. Nf3 Nc6 3. Bb5 a6 4. Ba4 Nf6 5. O-O Be7 6. Re1 b5 7. Bb3 O-O 8. c3
d6 9. h3 Na5 10. Bc2 c5 11. d4 Qc7 12. Nbd2 cxd4 13. cxd4 Nc6 14. Nb3 a5 15.
Be3 a4 16. Nbd2 Bd7 17. Rc1 Qb7 18. a3 Rfc8 19. Bd3 exd4 20. Nxd4 Nxd4 21. Bxd4
Rxc1 1/2-1/2

[Event "Monarch Assurance Isle of Man 15th"]
[Site "Port Erin IOM"]
[Date "2006.09.27"]
[Round "5.6"]
[White "Korneev, Oleg"]
[Black "Golod, Vitali"]
[Result "1/2-1/2"]
[WhiteElo "2638"]
[BlackElo "2576"]
[PlyCount "56"]
[EventDate "2006.09.23"]
[EventType "swiss"]
[EventRounds "9"]
[EventCountry "IOM"]

1. e4 e5 2. Nf3 Nc6 3. Bc4 Nf6 4. d3 Be7 5. O-O O-O 6. Re1 d6 7. a4 h6 8. a5 a6
9. c3 Nh7 10. Be3 Kh8 11. Qb3 Qe8 12. Nbd2 f5 13. exf5 Bxf5 14. Ne4 Nd8 15. Ng3
Bg6 16. d4 e4 17. Nd2 Bh4 18. f3 exf3 19. Nxf3 Bxg3 20. hxg3 Qd7 21. Nh4 Bf7
22. Rf1 Bxc4 23. Qxc4 Rf7 24. d5 Kg8 25. Bd4 Ng5 26. Rae1 c5 27. Be3 Rxf1+ 28.
Qxf1 Ndf7 1/2-1/2